111_ Personnalités nées un 21 avril par images - Statistiques

Statistiques générales
  • Ce quiz a été pris 37 fois
  • Le résultat moyen est 3 sur 9
Statistiques - réponses
Par images Hint Réponse % Correct
Reine Élisabeth II
100%
Animateur Yves Marchesseau (La Boule)
86%
Acteur Nicolas Bedos
61%
Chanteur Robert Smith
28%
Écrivaine Charlotte Brontë
11%
Réalisatrice Claire Denis
11%
Économiste et Sociologue Max Weber
8%
Chanteur Nemo Schiffman
3%
Acteur Roy Dupuis
0%
Aucun quiz correspondant
Distribution des résultats
% des personnes avec chaque résultat
Percentile par nombre de réponses
Votre historique - résultats
Vous n’avez pas pris ce quiz